| 000 | 00754nam a22000977a 4500 | ||
|---|---|---|---|
| 008 | 180208b xxu||||| |||| 00| 0 eng d | ||
| 100 | _aWise, Ernest | ||
| 245 | _aStamps of Sweden and Finland | ||
| 260 |
_aLondon _bWilliam Heinemann Ltd. _c1975 |
||
| 650 | _aSweden | Finland | Scandinavia | 19th Century | 20th Century | Definitive Issues | Classic Issues | First Issues | Production | Perforation | Imperforate Issues | Errors and Varieties | Printing | Engraving | Plates and Plating | Essays and Proofs | Designs | Postage Dues | Official Mail | Reissues and Reprints | Forgeries and Counterfeits | Stamps -- Histories | Co-Runners | Postal History | Postal Markings | Russian Related | Russian Empire | Russia (-1917) | Finland (Grand Duchy) | Bibliographies | ||
| 999 |
_c2619 _d2619 |
||